00418nam a2200181Ia 4500008004000000041000800040082001200048100001600060245005500076260002600131650000700157650000800164650001000172650001100182650000700193650001700200650001900217210210b1958 xxu||||| |||| 00| 0 eng d aeng a320/625 aWHITE (L D) aIntroduction to the study of public administration abNot Mentionedc1958 ato athe astudy apublic aof aIntroduction aadministration